000
00445nam a2200133Ia 4500
008
151001s9999||||xx |||||||||||||| ||und||
100
_a
मधुकर मुकुंदराव पाटील
245
_a
भारतीय स्वातंत्र्य चळवळीचा इतिहास भाग २
250
_a
1
260
_b
अथर्व प्रकाशन
260
_c
2011
300
_a
139
365
_b
21
999
_c
1000267
_d
1000264